000 00828nam a2200229 i 4500
001 47041
003 ES-MaACL
005 20250827062602.0
007 t|
008 030403s1820 sp ||||1| spa d
110 1 _aEspaña
_93622
240 1 0 _aConstitución, 1812
245 1 0 _aConstitución política de la monarquía española :
_bpromulgada en Cádiz a 19 de marzo de 1812.
260 _aMadrid :
_breimpresa en la Imprenta Nacional,
_c1820.
300 _a120, [4] p. ;
_c15 cm.
530 _aDisponible en formato digital.
597 _aSign.: A-G8, H5.
610 1 _aEspaña.
_tConstitución, 1812.
_93652
852 4 _x
_aBA
_jR-2293
_z- Legado Calderón. Olim: G-1394
856 4 _uhttp://bdh-rd.bne.es/viewer.vm?id=0000045395&page=1
_zBiblioteca Digital Hispánica
999 _c47041
_d47041